000 00306nam a22001337a 4500
008 171024b xxu||||| |||| 00| 0 eng d
020 _a9780803952775
041 _aeng
080 _a311
100 _a55
101 _aSTA
245 _aDICTIONARY STATISTICS AND METHOLOGY
_cVOGT.W.P
942 _2udc
_cBK
999 _c35726
_d35726